000
00349nam a2200121 4500
003
SGT
082
_a
080
_b
M04N
100
_a
नारायण, जयप्रकाश
245
_a
मेरी विचार यात्रा
260
_b
सर्व सेवा संघ प्रकाशन
_c
2004
300
_a
222
942
_2
ddc
_c
BK
999
_c
31557
_d
31557